| 000 | 00623nam a2200193 4500 | ||
|---|---|---|---|
| 003 | OSt | ||
| 005 | 20160108152423.0 | ||
| 008 | 850902s1984 sp 000 spa | ||
| 020 | _a84-226-1827-3 | ||
| 040 | _cBMC | ||
| 082 | _a813.5 | ||
| 100 | 1 |
_aTheroux, Paul _930809 |
|
| 245 | 1 | 3 |
_aLa costa de los mosquitos _cPaul Theroux ; [traducción del inglés, Manuel Sáenz de Heredia] ; introducción de Fernando Sánchez Dragó |
| 260 |
_aBarcelona _bCírculo de Lectores _cD.L. 1984 |
||
| 300 |
_a381 p. _c21 cm |
||
| 650 | 2 | 4 |
_917595 _aNovela norteamericana |
| 700 | 1 |
_aSáenz de Heredia, Manuel _937819 |
|
| 942 |
_2ddc _cBK |
||
| 999 |
_c24248 _d24248 |
||